000
00284nam a22001097a 4500
008
210707s2005 xx 000 0 und d
041
_a
eng
082
_a
052 SR
245
_a
Science Reporter
260
_b
National Institute of Science Communication.,
_c
2005
650
_a
Pure Sciences
999
_c
179529
_d
179529